Adliya ka bohran = عدلیہ کا بحران / (Record no. 130843)
[ view plain ]
| 000 -LEADER | |
|---|---|
| fixed length control field | 00541nam a22001457a 4500 |
| 005 - DATE AND TIME OF LATEST TRANSACTION | |
| control field | 20230525095322.0 |
| 008 - FIXED-LENGTH DATA ELEMENTS--GENERAL INFORMATION | |
| fixed length control field | 230525b ||||| |||| 00| 0 eng d |
| 040 ## - CATALOGING SOURCE | |
| Transcribing agency | PK-LaUMT |
| 082 ## - DEWEY DECIMAL CLASSIFICATION NUMBER | |
| Classification number | 348.5491 |
| Item number | RAT-A |
| 100 ## - MAIN ENTRY--PERSONAL NAME | |
| Personal name | Ratnam, T W. Raja = رتنم، ٹی ڈبلیو راجہ |
| 245 ## - TITLE STATEMENT | |
| Title | Adliya ka bohran = عدلیہ کا بحران / |
| Statement of responsibility, etc | by T. W. Raja Ratnam = از ٹی ڈبلیو راجہ رتنم; translated by Sattar Tahir = مترجم : ستار طاہر |
| 260 ## - PUBLICATION, DISTRIBUTION, ETC. (IMPRINT) | |
| Place of publication, distribution, etc | Lahore : |
| Name of publisher, distributor, etc | Classic, |
| Date of publication, distribution, etc | 1989 |
| 300 ## - PHYSICAL DESCRIPTION | |
| Extent | 167 p. |
| 942 ## - ADDED ENTRY ELEMENTS (KOHA) | |
| Koha item type | Books |
| Withdrawn status | Lost status | Damaged status | Home library | Current library | Date acquired | Full call number | Barcode | Date last seen | Price effective from | Koha item type |
|---|---|---|---|---|---|---|---|---|---|---|
| UMT Main Campus | UMT Main Campus | 2023-05-25 | 348.5491 RAT-A | 144863 | 2023-05-25 | 2023-05-25 | Books |
